[Event "20ème Open international de La Réunion"]
[Site "Salle des fêtes de Bellepierr"]
[Date "2018.10.14"]
[Round "1.1"]
[White "Anilkumar, N R."]
[Black "Evrin, Selvam"]
[Result "1-0"]
[WhiteElo "2334"]
[BlackElo "1518"]
[PlyCount "55"]
[EventDate "2018.??.??"]

1. d4 d5 2. Nf3 Nf6 3. c4 c6 4. Nc3 dxc4 5. a4 Bf5 6. e3 e6 7. Bxc4 Bb4 8. O-O
Nbd7 9. Qe2 Bg6 10. Ne5 Nxe5 11. dxe5 Nd5 12. Na2 Be7 13. f4 Nb6 14. Rd1 Qc7
15. Bb3 c5 16. a5 Nd7 17. Nc3 a6 18. Ba4 Rd8 19. e4 O-O 20. f5 exf5 21. exf5
Bxf5 22. Nd5 Bg4 23. Nxe7+ Kh8 24. Qxg4 Nxe5 25. Qh4 Qxa5 26. Bg5 f6 27. Bc2
Rxd1+ 28. Rxd1 1-0

[Event "20ème Open international de La Réunion"]
[Site "Salle des fêtes de Bellepierr"]
[Date "2018.10.14"]
[Round "1.2"]
[White "Fondrat, Johan"]
[Black "Denoyelle, Arnaud"]
[Result "0-1"]
[WhiteElo "1499"]
[BlackElo "2229"]
[PlyCount "113"]
[EventDate "2018.??.??"]

1. e4 c5 2. c3 d5 3. exd5 Nf6 4. d4 cxd4 5. cxd4 Nxd5 6. Nf3 Nc6 7. Bb5 e6 8.
Bxc6+ bxc6 9. O-O Rb8 10. Qa4 Qb6 11. Nbd2 Ba6 12. Re1 Be7 13. Ne5 Bb5 14. Qc2
c5 15. Ndc4 Qa6 16. dxc5 O-O 17. Ne3 Rfd8 18. Nxd5 Rxd5 19. b4 Qa4 20. Qxa4
Bxa4 21. a3 a5 22. Bf4 Rbd8 23. c6 Rc8 24. Nc4 Rxc6 25. Nxa5 Rc3 26. Rec1 Bf6
27. Rxc3 Bxc3 28. Rc1 g5 29. Bxg5 Bb2 30. Rb1 Bc2 31. Re1 Rxg5 32. Nc4 Bf6 33.
h3 Rd5 34. Ne3 Rd2 35. Nxc2 Rxc2 36. Re3 Bd4 37. Rf3 Ra2 38. Rb3 Rxf2 39. Kh2
Rb2 40. Rxb2 Bxb2 41. a4 Ba3 42. b5 Bd6+ 43. g3 Bc7 44. Kg2 f5 45. Kf3 Kf7 46.
Ke3 e5 47. Kd3 Ke6 48. Kc4 e4 49. Kc5 e3 50. b6 Bxb6+ 51. Kxb6 e2 52. a5 e1=Q
53. a6 Qxg3 54. Kb7 Qxh3 55. a7 Qa3 56. a8=Q Qxa8+ 57. Kxa8 0-1

[Event "20ème Open international de La Réunion"]
[Site "Salle des fêtes de Bellepierr"]
[Date "2018.10.14"]
[Round "1.3"]
[White "Gimenez Martinez, Alberto"]
[Black "Mablouke, Ulrich"]
[Result "1-0"]
[WhiteElo "2213"]
[BlackElo "1460"]
[PlyCount "45"]
[EventDate "2018.??.??"]

1. e4 e5 2. Bc4 Nc6 3. Nc3 d6 4. d3 Be7 5. f4 a6 6. Nf3 Bg4 7. O-O Nd4 8. fxe5
Nxf3+ 9. gxf3 Bh3 10. exd6 Qxd6 11. Rf2 Qg6+ 12. Kh1 Bc5 13. d4 O-O-O 14. Nd5
Ba7 15. c3 Re8 16. Nf4 Qc6 17. Bxf7 Rf8 18. Bxg8 Rxf4 19. Bd5 Qf6 20. Bxf4 Qxf4
21. Qd2 Qd6 22. Qg5 Rg8 23. Bxg8 1-0

[Event "20ème Open international de La Réunion"]
[Site "Salle des fêtes de Bellepierr"]
[Date "2018.10.14"]
[Round "1.4"]
[White "Pun Chung, Leo"]
[Black "Leveille, Francois"]
[Result "0-1"]
[WhiteElo "1458"]
[BlackElo "2202"]
[PlyCount "78"]
[EventDate "2018.??.??"]

1. e4 g6 2. d4 Bg7 3. Nf3 d6 4. Bc4 c6 5. O-O Nf6 6. Re1 Nxe4 7. Bxf7+ Kxf7 8.
Rxe4 h6 9. Nc3 Nd7 10. Re1 Nf6 11. Qd3 g5 12. Ne2 Nh5 13. Ng3 Nxg3 14. fxg3 Bf6
15. Bd2 Qb6 16. Bc3 Bd7 17. Re3 Qb5 18. Qxb5 cxb5 19. d5 Bxc3 20. Rxc3 Rhc8 21.
Rxc8 Rxc8 22. Nd4 Rc5 23. Rf1+ Ke8 24. Ne6 Bxe6 25. dxe6 Re5 26. Kf2 Rf5+ 27.
Ke2 Rxf1 28. Kxf1 Kf8 29. Ke2 Kg7 30. h4 Kf6 31. Ke3 Kxe6 32. hxg5 hxg5 33. Ke4
d5+ 34. Ke3 Kf5 35. Kf3 b4 36. g4+ Ke5 37. Ke3 a5 38. g3 a4 39. c3 a3 0-1

[Event "20ème Open international de La Réunion"]
[Site "Salle des fêtes de Bellepierr"]
[Date "2018.10.14"]
[Round "1.5"]
[White "Ranaivoharisoa, Alain"]
[Black "Laoussing, Mathis"]
[Result "1-0"]
[WhiteElo "2196"]
[BlackElo "1421"]
[PlyCount "119"]
[EventDate "2018.??.??"]

1. e4 d5 2. exd5 Nf6 3. Bb5+ Bd7 4. Be2 e6 5. dxe6 Bxe6 6. d4 c5 7. Nf3 Nc6 8.
c3 Be7 9. O-O O-O 10. dxc5 Bxc5 11. Bf4 Qb6 12. b4 Be7 13. a4 a6 14. Be3 Qc7
15. Nd4 Nxd4 16. Bxd4 Rfd8 17. Qd3 Nd5 18. Bf3 Nxb4 19. cxb4 Bc4 20. Qc3 Rxd4
21. Qxd4 Bf6 22. Qc5 Qxc5 23. bxc5 Bxf1 24. Ra3 Bc4 25. Nd2 Re8 26. g3 Be6 27.
Bxb7 Bh3 28. Re3 Rd8 29. Bxa6 g6 30. Rd3 Ra8 31. Bb5 Bf5 32. Ra3 Be7 33. Rc3
Rd8 34. Nf1 Bh3 35. c6 Rc8 36. Ne3 Be6 37. Kg2 Kg7 38. Rd3 Bb4 39. h3 Kf6 40.
f4 Bc5 41. Nd5+ Bxd5+ 42. Rxd5 Bb6 43. Rd6+ Kg7 44. g4 Rd8 45. Rd7 Rxd7 46.
cxd7 Kf6 47. g5+ Ke7 48. Kf3 f6 49. h4 fxg5 50. fxg5 Kf8 51. Ke4 Kg7 52. Kd5 h6
53. gxh6+ Kxh6 54. Kc6 Bd8 55. Kb7 Bxh4 56. Kc8 Be7 57. d8=Q Bxd8 58. Kxd8 g5
59. a5 g4 60. Bc6 1-0

[Event "20ème Open international de La Réunion"]
[Site "Salle des fêtes de Bellepierr"]
[Date "2018.10.14"]
[Round "1.6"]
[White "Le Maguet, Loan"]
[Black "Lorans, Sylvain"]
[Result "1/2-1/2"]
[WhiteElo "1420"]
[BlackElo "2177"]
[PlyCount "153"]
[EventDate "2018.??.??"]

1. b4 c6 2. Nf3 a5 3. bxa5 Qxa5 4. Nc3 d5 5. e4 dxe4 6. Nxe4 Bf5 7. Ng3 Bg4 8.
Bb2 Qd5 9. Be2 Nd7 10. O-O Ngf6 11. c4 Qd6 12. d4 e6 13. h3 Bxf3 14. Bxf3 Qb4
15. Qb3 Bd6 16. d5 cxd5 17. cxd5 Qxb3 18. axb3 Rxa1 19. Rxa1 O-O 20. dxe6 fxe6
21. Bxb7 Nc5 22. Bf3 Nxb3 23. Ra6 Rd8 24. Ne4 Nxe4 25. Bxe4 Nc5 26. Ra8 Bb8 27.
Bf3 Nd3 28. Ba3 Ne5 29. Be2 Kf7 30. Bf1 Nc6 31. g3 Rd1 32. Kg2 Ra1 33. Ra6 Ne5
34. Bb2 Rxa6 35. Bxa6 Nd7 36. Bc4 Be5 37. Ba3 Bd4 38. f4 Kf6 39. Kf3 h6 40. Ke4
Bc3 41. Bd6 Nb6 42. Bb3 Nc8 43. Be5+ Bxe5 44. fxe5+ Kf7 45. Kd4 Ne7 46. Kc5 Nf5
47. g4 Ng3 48. h4 Ne4+ 49. Kd4 Nf2 50. g5 hxg5 51. hxg5 Nh3 52. g6+ Kxg6 53.
Bxe6 Nf4 54. Bc8 Kf7 55. Ke4 Ng6 56. e6+ Kf6 57. Bd7 Nf8 58. Kd5 Ke7 59. Ke5
Nxd7+ 60. exd7 Kxd7 61. Kf5 Ke7 62. Kg6 Kf8 63. Kg5 Kf7 64. Kf5 g6+ 65. Kg5 Kg7
66. Kg4 Kf6 67. Kf4 g5+ 68. Kg4 Kg6 69. Kg3 Kh5 70. Kh3 g4+ 71. Kg3 Kg5 72. Kg2
Kf4 73. Kf2 g3+ 74. Kg2 Kg4 75. Kg1 Kf4 76. Kg2 Ke3 77. Kxg3 1/2-1/2

[Event "20ème Open international de La Réunion"]
[Site "Salle des fêtes de Bellepierr"]
[Date "2018.10.14"]
[Round "1.7"]
[White "Testud, Philippe"]
[Black "Parame, Bruno"]
[Result "1-0"]
[WhiteElo "2158"]
[BlackElo "1399"]
[PlyCount "31"]
[EventDate "2018.??.??"]

1. d4 d5 2. Bf4 Nf6 3. e3 Bf5 4. c4 Qd7 5. Nf3 Nc6 6. Ne5 Qe6 7. Nc3 Nd7 8.
cxd5 Qf6 9. dxc6 bxc6 10. Qb3 Nb6 11. Nxc6 e6 12. Bxc7 Nd7 13. Qb7 Rd8 14. Bxd8
Bd6 15. Bxf6 Nxf6 16. Qc8# 1-0

[Event "20ème Open international de La Réunion"]
[Site "Salle des fêtes de Bellepierr"]
[Date "2018.10.14"]
[Round "1.8"]
[White "Muller, Sebastien"]
[Black "Quere, Alexandre"]
[Result "0-1"]
[WhiteElo "1397"]
[BlackElo "2087"]
[PlyCount "90"]
[EventDate "2018.??.??"]

1. e4 c5 2. Nf3 Nc6 3. Bc4 e6 4. O-O g6 5. d4 cxd4 6. Nxd4 Qc7 7. b3 Nxd4 8.
Qxd4 f6 9. Ba3 Bxa3 10. Nxa3 a6 11. f4 b6 12. c3 Bb7 13. Nc2 Qc5 14. Kh1 Qxd4
15. Nxd4 Bxe4 16. Rae1 f5 17. Bxe6 dxe6 18. Nxe6 Rc8 19. Rd1 Ke7 20. Ng5 Nf6
21. c4 Rhd8 22. Rde1 Rd2 23. Nf3 Rxa2 24. Rd1 Ng4 25. Rd2 Rxd2 26. Nxd2 Rd8 27.
Nf3 Bxf3 28. gxf3 Rd1 29. Rxd1 Nf2+ 30. Kg2 Nxd1 31. Kf1 Kd6 32. Ke2 Nb2 33.
Ke3 Kc5 34. Kd2 Nxc4+ 35. bxc4 Kxc4 36. Kc2 b5 37. h4 b4 38. Kb2 a5 39. Kc2 a4
40. Kb2 a3+ 41. Ka2 b3+ 42. Kxa3 Kc3 43. h5 b2 44. Ka2 Kc2 45. hxg6 b1=Q+ 0-1

[Event "20ème Open international de La Réunion"]
[Site "Salle des fêtes de Bellepierr"]
[Date "2018.10.14"]
[Round "1.9"]
[White "Ramasindraibe, Girard"]
[Black "Assie, Joel"]
[Result "1-0"]
[WhiteElo "2073"]
[BlackElo "1381"]
[PlyCount "37"]
[EventDate "2018.??.??"]

1. e4 c6 2. d4 d5 3. Nd2 dxe4 4. Nxe4 Bf5 5. Ng3 Bg6 6. N1e2 h6 7. Nf4 Bh7 8.
Bc4 e6 9. O-O Nf6 10. Ngh5 Nbd7 11. Re1 g6 12. Nxe6 fxe6 13. Rxe6+ Be7 14. Ng7+
Kf8 15. Rxf6+ Kxg7 16. Rf7+ Kg8 17. Rxe7+ Kf8 18. Rf7+ Ke8 19. Qe2+ 1-0

[Event "20ème Open international de La Réunion"]
[Site "Salle des fêtes de Bellepierr"]
[Date "2018.10.14"]
[Round "1.10"]
[White "Vaast, Jean"]
[Black "Roblet, Charles"]
[Result "0-1"]
[WhiteElo "1377"]
[BlackElo "2052"]
[PlyCount "90"]
[EventDate "2018.??.??"]

1. b4 e5 2. Bb2 Bxb4 3. Bxe5 Nf6 4. Nf3 O-O 5. e3 d6 6. Bb2 Bg4 7. Be2 Nbd7 8.
O-O Re8 9. c3 Ba5 10. Na3 c6 11. Re1 Nc5 12. Qc2 Nce4 13. Nc4 Bc7 14. d3 Nc5
15. Ncd2 d5 16. Nd4 Qd6 17. g3 Bxe2 18. Nxe2 Qe6 19. Nd4 Qh3 20. N2b3 Ng4 21.
f3 Nxb3 22. axb3 Nxe3 23. Qf2 Nf5 24. Qg2 Qxg2+ 25. Kxg2 Nxd4 26. cxd4 Bb6 27.
Kf1 f6 28. Rxe8+ Rxe8 29. Re1 Rxe1+ 30. Kxe1 h5 31. Ke2 Kf7 32. Ke3 Ke6 33. h4
Kf5 34. b4 Bc7 35. Kf2 Bd6 36. Bc3 b6 37. Bd2 a6 38. Bc3 c5 39. dxc5 bxc5 40.
bxc5 Bxc5+ 41. d4 Bb6 42. Ke3 Bc7 43. Kf2 a5 44. Ke3 Bxg3 45. Bxa5 Bxh4 0-1

[Event "20ème Open international de La Réunion"]
[Site "Salle des fêtes de Bellepierr"]
[Date "2018.10.14"]
[Round "1.11"]
[White "Mezouaghi, Miloud"]
[Black "Padre, Maxime"]
[Result "1-0"]
[WhiteElo "2022"]
[BlackElo "1353"]
[PlyCount "61"]
[EventDate "2018.??.??"]

1. e4 c6 2. d4 d5 3. e5 Bf5 4. h4 h6 5. g4 Bh7 6. e6 fxe6 7. Bd3 Bxd3 8. Qxd3
Qc7 9. Qg6+ Kd7 10. Nf3 Kc8 11. Ne5 Nf6 12. Qf7 Nbd7 13. Ng6 Rg8 14. g5 Qb6 15.
c3 c5 16. gxf6 Nxf6 17. Nxf8 cxd4 18. Qxe6+ Qxe6+ 19. Nxe6 dxc3 20. Nxc3 Kd7
21. Nc5+ Kc6 22. Nd3 Rge8 23. Ne5+ Kd6 24. Bf4 d4 25. O-O-O Rac8 26. Rxd4+ Ke6
27. Kb1 Nh5 28. Bh2 Rf8 29. Re1 Kf6 30. Nd5+ Kf5 31. Nxe7+ 1-0

[Event "20ème Open international de La Réunion"]
[Site "Salle des fêtes de Bellepierr"]
[Date "2018.10.14"]
[Round "1.12"]
[White "Leost, Joel"]
[Black "Triton, Maxime"]
[Result "0-1"]
[WhiteElo "1350"]
[BlackElo "1941"]
[PlyCount "86"]
[EventDate "2018.??.??"]

1. e4 c5 2. Bc4 e6 3. Nc3 a6 4. a3 b5 5. Ba2 Bb7 6. d3 Nf6 7. f3 d5 8. Nh3 Bd6
9. O-O Qc7 10. g3 O-O 11. Qe1 Nbd7 12. Nf4 b4 13. Nd1 Rac8 14. Nf2 Ne5 15. Kg2
Nc6 16. Ne2 Rfd8 17. b3 dxe4 18. dxe4 a5 19. a4 Ba6 20. Nd3 Nd4 21. Bb1 Nxe2
22. Qxe2 Be5 23. Ra2 c4 24. Nxe5 Qxe5 25. Bf4 Qc3 26. Kh3 cxb3 27. Qxa6 bxa2
28. Bxa2 Qc6 29. Qxc6 Rxc6 30. Bb3 Nh5 31. Be3 Kf8 32. g4 Nf6 33. Rf2 Ke7 34.
e5 Nd7 35. Bg5+ f6 36. exf6+ gxf6 37. Bh4 Nc5 38. g5 Nxb3 39. gxf6+ Kf7 40.
cxb3 Rc3 41. Bg3 Rd5 42. Re2 Rxb3 43. Bf4 Kxf6 0-1

[Event "20ème Open international de La Réunion"]
[Site "Salle des fêtes de Bellepierr"]
[Date "2018.10.14"]
[Round "1.13"]
[White "Klein, Gernot"]
[Black "Sandjivy, Jean Marc"]
[Result "1-0"]
[WhiteElo "1904"]
[BlackElo "1271"]
[PlyCount "79"]
[EventDate "2018.??.??"]

1. e4 e6 2. Qe2 Nc6 3. Nf3 Bc5 4. c3 Nge7 5. d4 Bb6 6. Bg5 O-O 7. g3 Re8 8. Bg2
d6 9. O-O h6 10. Be3 Bd7 11. Re1 a6 12. Nbd2 Na7 13. a4 c5 14. Nc4 cxd4 15.
Nxd4 e5 16. Nc2 Bxe3 17. N2xe3 Bc6 18. a5 d5 19. Nb6 Rb8 20. exd5 Bd7 21. Red1
Nec8 22. Nxd7 Qxd7 23. Nc4 Rd8 24. Qxe5 Ne7 25. Nb6 Qe8 26. Re1 Ng6 27. Qxe8+
Rxe8 28. Rad1 Rxe1+ 29. Rxe1 Rd8 30. c4 Nc8 31. Nxc8 Rxc8 32. d6 Nf8 33. b3 Ne6
34. Bxb7 Rd8 35. Bxa6 Nc5 36. Bb5 Rxd6 37. b4 Nd3 38. Rd1 Kh7 39. c5 Rd5 40.
Rxd3 1-0

[Event "20ème Open international de La Réunion"]
[Site "Salle des fêtes de Bellepierr"]
[Date "2018.10.14"]
[Round "1.14"]
[White "Hermanns, Luis"]
[Black "Rabe Andrianandrasan, Haingo"]
[Result "0-1"]
[WhiteElo "1253"]
[BlackElo "1860"]
[PlyCount "42"]
[EventDate "2018.??.??"]

1. d4 d5 2. c4 e6 3. Nc3 Nf6 4. Bf4 Bd6 5. Bxd6 Qxd6 6. e3 O-O 7. g3 dxc4 8.
Qa4 Bd7 9. Qxc4 Bc6 10. f3 a6 11. e4 Qe7 12. Qb3 Nbd7 13. O-O-O b5 14. d5 exd5
15. Nxd5 Nxd5 16. exd5 Bb7 17. Bg2 Nb6 18. f4 Rad8 19. Nf3 Bxd5 20. Qc2 Bxa2
21. Rhe1 Rxd1+ 0-1

[Event "20ème Open international de La Réunion"]
[Site "Salle des fêtes de Bellepierr"]
[Date "2018.10.14"]
[Round "1.15"]
[White "Dijoux, Julien"]
[Black "Ova, Roberto"]
[Result "1-0"]
[WhiteElo "1831"]
[BlackElo "1212"]
[PlyCount "53"]
[EventDate "2018.??.??"]

1. e4 c5 2. Nf3 d6 3. d4 cxd4 4. Nxd4 Nf6 5. Nc3 g6 6. Be3 Bg7 7. f3 O-O 8. Qd2
Re8 9. Bc4 e6 10. Rd1 a6 11. Bb3 d5 12. Nde2 Nc6 13. Bg5 Qd6 14. O-O b5 15.
exd5 exd5 16. Ne4 Nxe4 17. fxe4 Rf8 18. Qxd5 Qxd5 19. Bxd5 Bg4 20. Bxc6 Bxe2
21. Bxa8 Bxf1 22. Bb7 Be2 23. Rd2 Bg4 24. Bxa6 Ra8 25. Bxb5 Ra5 26. Rd8+ Bf8
27. Bh6 1-0

[Event "20ème Open international de La Réunion"]
[Site "Salle des fêtes de Bellepierr"]
[Date "2018.10.14"]
[Round "1.16"]
[White "Eric Andriana, Fitia"]
[Black "Rajaonson, Andriamahenina"]
[Result "1/2-1/2"]
[WhiteElo "1186"]
[BlackElo "1822"]
[PlyCount "92"]
[EventDate "2018.??.??"]

1. e4 e6 2. d4 d5 3. e5 c5 4. c3 Nc6 5. Nf3 Qb6 6. a3 cxd4 7. cxd4 Bd7 8. Nc3
Nge7 9. Be2 Nf5 10. Na4 Qa5+ 11. Bd2 Qd8 12. Bc3 Rc8 13. b4 b6 14. O-O g6 15.
Re1 Bh6 16. Rb1 O-O 17. b5 Nb8 18. Bd2 Bg7 19. Rc1 Rxc1 20. Qxc1 Qc8 21. g4 Ne7
22. Bb4 Re8 23. Bd6 Qb7 24. Qc7 Qxc7 25. Bxc7 Rc8 26. Bd6 Kf8 27. Ng5 h6 28.
Nh7+ Ke8 29. Bd3 Ng8 30. f4 Ne7 31. h4 Kd8 32. Kg2 Be8 33. Kh2 Na6 34. Rb1 Nc7
35. Kg3 Na8 36. Nb2 Rc3 37. Kf2 Nc7 38. a4 Bd7 39. Ke2 Ne8 40. Kd2 Rc8 41. Bb4
Rc7 42. Ba3 Rc8 43. Bb4 f6 44. Ba3 f5 45. g5 Ng8 46. Bb4 h5 1/2-1/2

[Event "20ème Open international de La Réunion"]
[Site "Salle des fêtes de Bellepierr"]
[Date "2018.10.14"]
[Round "1.17"]
[White "Calmels, Nicolas"]
[Black "Fautrel, Pierrick"]
[Result "1-0"]
[WhiteElo "1820"]
[BlackElo "1176"]
[PlyCount "53"]
[EventDate "2018.??.??"]

1. e4 e6 2. d4 d5 3. exd5 exd5 4. Bb5+ c6 5. Qe2+ Be7 6. Bd3 Nf6 7. Nc3 O-O 8.
Bd2 Nbd7 9. f3 c5 10. Qf2 Qc7 11. O-O-O a6 12. dxc5 Bxc5 13. Qh4 b5 14. Nxd5
Qd6 15. Bg5 h6 16. Bxh6 gxh6 17. Qxh6 b4 18. Nxf6+ Nxf6 19. Bh7+ Nxh7 20. Rxd6
Bxd6 21. Qxd6 Bf5 22. g4 Bg6 23. Ne2 Rfe8 24. Ng3 a5 25. Nf5 Re2 26. Qd4 Kf8
27. Qh8# 1-0

[Event "20ème Open international de La Réunion"]
[Site "Salle des fêtes de Bellepierr"]
[Date "2018.10.14"]
[Round "1.18"]
[White "Alfonsi, Romain"]
[Black "Larmet, Nino"]
[Result "0-1"]
[WhiteElo "1173"]
[BlackElo "1786"]
[PlyCount "74"]
[EventDate "2018.??.??"]

1. e4 e5 2. Nf3 Nc6 3. Bc4 Bc5 4. O-O Nf6 5. Nc3 O-O 6. d3 a6 7. Bg5 h6 8. Bh4
Be7 9. Bg3 d6 10. Qd2 Na5 11. Bb3 Bg4 12. Nh4 Nxb3 13. axb3 Nxe4 14. dxe4 Bxh4
15. Bxh4 Qxh4 16. h3 Be6 17. Nd5 Rac8 18. Qa5 Qxe4 19. Nxc7 Qxc2 20. Nxe6 fxe6
21. Ra2 Qxb3 22. Qa3 Qxa3 23. Rxa3 Rc2 24. Rb3 b5 25. Rd1 Rfxf2 26. Rxd6 Rxg2+
27. Kf1 Rxb2 28. Ra3 Rh2 29. Kg1 Rhc2 30. Ra1 a5 31. Rxe6 a4 32. Rxe5 a3 33.
Ree1 a2 34. Red1 b4 35. Rf1 Rg2+ 36. Kh1 Rh2+ 37. Kg1 Rbg2# 0-1

[Event "20ème Open international de La Réunion"]
[Site "Salle des fêtes de Bellepierr"]
[Date "2018.10.14"]
[Round "1.19"]
[White "Ratsimikatry, Caryl Patrick"]
[Black "Hoareau-Fontaine, Clement"]
[Result "1-0"]
[WhiteElo "1782"]
[BlackElo "1130"]
[PlyCount "59"]
[EventDate "2018.??.??"]

1. e4 c5 2. Nf3 Nc6 3. d4 cxd4 4. Nxd4 g6 5. c4 Bg7 6. Be3 d6 7. Nc3 e6 8. Ndb5
Be5 9. f4 Bxc3+ 10. bxc3 Nf6 11. Nxd6+ Ke7 12. Bc5 b6 13. Nxc8+ Ke8 14. Nd6+
Kf8 15. Nb7+ Ke8 16. Nxd8 Rxd8 17. Qa4 bxc5 18. Qxc6+ Ke7 19. Qxc5+ Ke8 20. Be2
Nxe4 21. Qc6+ Ke7 22. Qxe4 f5 23. Qe5 Rhg8 24. Kf2 g5 25. Rhd1 Rxd1 26. Rxd1
gxf4 27. c5 Rg5 28. c6 h5 29. Rd7+ Ke8 30. Qb8# 1-0

[Event "20ème Open international de La Réunion"]
[Site "Salle des fêtes de Bellepierr"]
[Date "2018.10.14"]
[Round "1.20"]
[White "Bosi-Lagarde, Arthur"]
[Black "Andriandaza, Tombo Omar"]
[Result "0-1"]
[WhiteElo "1110"]
[BlackElo "1742"]
[PlyCount "60"]
[EventDate "2018.??.??"]

1. e4 c5 2. Bc4 d6 3. Nc3 a6 4. a4 Nf6 5. Nf3 e6 6. d3 Be7 7. Be3 Nc6 8. O-O
O-O 9. d4 cxd4 10. Nxd4 Nxd4 11. Bxd4 e5 12. Be3 Bd7 13. f3 Qc7 14. b3 Rac8 15.
Nd5 Nxd5 16. exd5 f5 17. f4 e4 18. Qd4 Bf6 19. Qd2 Bxa1 20. Rxa1 b5 21. axb5
axb5 22. Be2 Qxc2 23. Qxc2 Rxc2 24. Bd1 Rc7 25. Be2 Rfc8 26. b4 Kf7 27. Kf2 Ke7
28. Kg3 g6 29. h4 Rc2 30. Kf2 Rb2 0-1

[Event "20ème Open international de La Réunion"]
[Site "Salle des fêtes de Bellepierr"]
[Date "2018.10.14"]
[Round "1.21"]
[White "Rebut, Paul"]
[Black "Fautrel, Sebastien"]
[Result "1-0"]
[WhiteElo "1718"]
[BlackElo "1110"]
[PlyCount "63"]
[EventDate "2018.??.??"]

1. g4 d5 2. Bg2 Nf6 3. g5 Ne4 4. d3 Nc5 5. Nc3 c6 6. e4 d4 7. Nce2 g6 8. f4 e6
9. Nf3 Bg7 10. e5 O-O 11. Nfxd4 Ncd7 12. Be3 c5 13. Nb3 Qb6 14. Qd2 Nc6 15. Qc3
Rb8 16. Nxc5 Qc7 17. Nxd7 Bxd7 18. Bc5 Rfd8 19. Bd6 Qb6 20. Bxb8 Rxb8 21. d4
Bf8 22. O-O-O Bb4 23. Qe3 Rc8 24. h4 Qc7 25. c3 Be7 26. h5 Nb8 27. hxg6 fxg6
28. Qh3 Kf7 29. Qxh7+ Ke8 30. Qxg6+ Kd8 31. Rh8+ Be8 32. Qxe8# 1-0

[Event "20ème Open international de La Réunion"]
[Site "Salle des fêtes de Bellepierr"]
[Date "2018.10.14"]
[Round "1.22"]
[White "Mohamed, Keziah"]
[Black "Desire, Michael"]
[Result "0-1"]
[WhiteElo "1070"]
[BlackElo "1702"]
[PlyCount "112"]
[EventDate "2018.??.??"]

1. e4 c6 2. d4 d5 3. Nc3 dxe4 4. Nxe4 Nd7 5. Nf3 Ngf6 6. Bd3 Nxe4 7. Bxe4 Nf6
8. Bd3 Bg4 9. Be3 e6 10. O-O Bd6 11. Re1 h5 12. h3 Nd5 13. Bg5 f6 14. Bh4 Bxf3
15. Qxf3 Kf7 16. c4 Nf4 17. Bc2 Qe7 18. c5 Bc7 19. g3 Nd5 20. a3 Rad8 21. Rad1
Kg8 22. Bf5 e5 23. dxe5 Bxe5 24. b4 g5 25. Bxg5 fxg5 26. Be4 Qf6 27. Qg2 Kg7
28. Bxd5 Rxd5 29. Rxd5 cxd5 30. Qxd5 Re8 31. Qxb7+ Re7 32. Qd5 Bb2 33. Rxe7+
Qxe7 34. Qb3 Qe1+ 35. Kg2 Bd4 36. Qf3 Qe8 37. Qd3 Qc6+ 38. f3 Qd5 39. Qe2 Qe5
40. Qf1 Qe3 41. a4 Qd2+ 42. Kh1 Qxb4 43. Kg2 Qxc5 44. Kh1 Qc2 45. a5 Qf2 46.
Qxf2 Bxf2 47. Kg2 Be3 48. g4 h4 49. Kf1 a6 50. Ke2 Bc5 51. Kd3 Bb4 52. Ke4 Kf6
53. f4 Bxa5 54. fxg5+ Kxg5 55. Kf3 Bc7 56. Kg2 a5 0-1

[Event "20ème Open international de La Réunion"]
[Site "Salle des fêtes de Bellepierr"]
[Date "2018.10.14"]
[Round "1.23"]
[White "Bah, Ismael"]
[Black "Alex-Geerjanan, Nils"]
[Result "1-0"]
[WhiteElo "1687"]
[BlackElo "1015"]
[PlyCount "55"]
[EventDate "2018.??.??"]

1. c4 e5 2. d3 Nf6 3. Nf3 Bc5 4. Nc3 h6 5. Nxe5 d6 6. Nf3 O-O 7. e3 Bg4 8. Be2
Re8 9. O-O Nbd7 10. Na4 b6 11. d4 b5 12. cxb5 Bb6 13. Nxb6 axb6 14. a4 Nf8 15.
Qc2 Ng6 16. Ne1 Bh5 17. h3 Ne4 18. Bxh5 Qf6 19. Nf3 Qf5 20. Bg4 Qd5 21. Bd7 Re7
22. Bc6 Qh5 23. Bxa8 Ng5 24. Nxg5 Qxg5 25. Qd1 Nh4 26. Qg4 Qf6 27. g3 Nf3+ 28.
Bxf3 1-0

[Event "20ème Open international de La Réunion"]
[Site "Salle des fêtes de Bellepierr"]
[Date "2018.10.14"]
[Round "1.24"]
[White "Sandjivy, Yann"]
[Black "Etheve, Lionel"]
[Result "0-1"]
[WhiteElo "1010"]
[BlackElo "1682"]
[PlyCount "60"]
[EventDate "2018.??.??"]

1. e4 e6 2. Nc3 d5 3. f3 d4 4. Bb5+ c6 5. d3 dxc3 6. Bg5 Qxg5 7. f4 Qxg2 8. Qf3
Qd2+ 9. Kf1 cxb5 10. Rd1 Qxc2 11. bxc3 Nc6 12. Ke1 Qxc3+ 13. Rd2 Bb4 14. Qf2
Qc1+ 15. Ke2 Qxd2+ 16. Kf1 Qxf2+ 17. Kxf2 Nf6 18. a3 Bxa3 19. e5 Nd5 20. Nf3 b4
21. Rg1 O-O 22. Ng5 b3 23. Nf3 Bc5+ 24. Kf1 Bxg1 25. Kxg1 b2 26. Nd2 a5 27. Kg2
a4 28. f5 a3 29. h4 a2 30. Kf3 a1=Q 0-1

[Event "20ème Open international de La Réunion"]
[Site "Salle des fêtes de Bellepierr"]
[Date "2018.10.14"]
[Round "1.25"]
[White "Frelicot, Eric"]
[Black "Cavillot-Delestage, Raphael"]
[Result "1-0"]
[WhiteElo "1666"]
[BlackElo "1009"]
[PlyCount "59"]
[EventDate "2018.??.??"]

1. e4 c5 2. Nf3 d6 3. d4 e6 4. dxc5 dxc5 5. Qxd8+ Kxd8 6. Ne5 Ke8 7. Be3 Bd6 8.
Nc4 Be7 9. Nc3 Nd7 10. O-O-O Ngf6 11. f3 g6 12. e5 Nh5 13. g4 Ng7 14. Nb5 Kf8
15. h4 h6 16. f4 Kg8 17. Ncd6 a6 18. Nxc8 Rxc8 19. Rxd7 Bxh4 20. Nd6 Rb8 21.
Rxh4 b6 22. Nxf7 Rh7 23. Bd3 h5 24. Bxg6 Rc8 25. f5 Nxf5 26. Bxh7+ Kxh7 27.
Rxh5+ Kg8 28. gxf5 exf5 29. Rh8+ Kg7 30. Rxc8 1-0

[Event "20ème Open international de La Réunion"]
[Site "Salle des fêtes de Bellepierr"]
[Date "2018.10.14"]
[Round "1.26"]
[White "Erudel, Irina"]
[Black "Rajaobelina, Hery"]
[Result "0-1"]
[WhiteElo "1009"]
[BlackElo "1646"]
[PlyCount "46"]
[EventDate "2018.??.??"]

1. e4 c5 2. Bb5 a6 3. Ba4 b5 4. b3 bxa4 5. bxa4 d5 6. exd5 Qxd5 7. Nf3 Bg4 8.
Nc3 Qe6+ 9. Kf1 Nc6 10. h3 Bh5 11. Nh4 Bxd1 12. Nxd1 Qc4+ 13. Kg1 Qxh4 14. d3
Nd4 15. Ne3 Ne2+ 16. Kf1 Nxc1 17. Rxc1 Rb8 18. c4 g6 19. Nd5 Bg7 20. Nc7+ Kd7
21. Nxa6 Bd4 22. Rc2 Rb1+ 23. Rc1 Qxf2# 0-1

[Event "20ème Open international de La Réunion"]
[Site "Salle des fêtes de Bellepierr"]
[Date "2018.10.14"]
[Round "1.27"]
[White "Duprey, Francois-Xavier"]
[Black "Erudel, Maeva"]
[Result "1-0"]
[WhiteElo "1589"]
[BlackElo "1009"]
[PlyCount "67"]
[EventDate "2018.??.??"]

1. c4 e5 2. Nc3 Nf6 3. g3 Nc6 4. Bg2 Bb4 5. d3 d6 6. Nf3 Nd4 7. O-O Bg4 8. Qa4+
Nd7 9. Nxd4 exd4 10. Nd5 O-O 11. Nxb4 Nb6 12. Qd1 Qe7 13. Qc2 c5 14. Nd5 Qd8
15. Nxb6 Qxb6 16. e4 Rfe8 17. h3 Be6 18. Bd2 Qd8 19. Rab1 Qe7 20. b4 Rac8 21.
bxc5 dxc5 22. f4 a6 23. f5 Bd7 24. Rxb7 Rcd8 25. Rb6 Ra8 26. f6 gxf6 27. Rbxf6
Rf8 28. Qd1 a5 29. Qh5 Kh8 30. Bh6 Rg8 31. Rxf7 Qe6 32. Rxh7+ Kxh7 33. Bf8+ Qh6
34. Qxh6# 1-0

[Event "20ème Open international de La Réunion"]
[Site "Salle des fêtes de Bellepierr"]
[Date "2018.10.15"]
[Round "2.1"]
[White "Rabe Andrianandrasan, Haingo"]
[Black "Anilkumar, N R."]
[Result "0-1"]
[WhiteElo "1860"]
[BlackElo "2334"]
[PlyCount "80"]
[EventDate "2018.??.??"]

1. d4 Nf6 2. Nf3 g6 3. Bf4 Bg7 4. e3 O-O 5. Be2 d6 6. Nbd2 Nbd7 7. O-O Qe8 8.
Re1 e5 9. dxe5 dxe5 10. Bg5 Nc5 11. h3 Bf5 12. Bc4 b5 13. Bb3 a5 14. a3 Rd8 15.
Qc1 Rd6 16. Ba2 Rc6 17. Re2 Nfe4 18. Bh4 h6 19. Bd5 Rd6 20. Bxe4 Nxe4 21. Nxe4
Bxe4 22. Nd2 Ba8 23. e4 Qe6 24. Qe1 a4 25. Rc1 c5 26. f3 c4 27. Nb1 Rb8 28. Rd1
Bf8 29. Rxd6 Bxd6 30. c3 f5 31. Nd2 Rf8 32. Qf2 g5 33. exf5 Qe7 34. Qg3 Qg7 35.
f6 Rxf6 36. Qg4 gxh4 37. Qc8+ Qf8 38. Qg4+ Kh8 39. Ne4 Bxe4 40. Rxe4 Rf4 0-1